Engineering Physics for 1st Semester (Record no. 2215)

MARC details
000 -LEADER
fixed length control field 00328nam a2200133Ia 4500
008 - FIXED-LENGTH DATA ELEMENTS--GENERAL INFORMATION
fixed length control field 191201s2005 xx 000 0 und d
082 ## - DEWEY DECIMAL CLASSIFICATION NUMBER
Classification number 530
Item number SIE
100 ## - MAIN ENTRY--PERSONAL NAME
Personal name SINGHAL, Anil
245 #0 - TITLE STATEMENT
Title Engineering Physics for 1st Semester
260 ## - PUBLICATION, DISTRIBUTION, ETC. (IMPRINT)
Place of publication, distribution, etc N.Delhi
Name of publisher, distributor, etc Icon Publication
Date of publication, distribution, etc 2005
300 ## - PHYSICAL DESCRIPTION
Extent -
650 ## - SUBJECT ADDED ENTRY--TOPICAL TERM
Topical term or geographic name as entry element Applied
942 ## - ADDED ENTRY ELEMENTS (KOHA)
Source of classification or shelving scheme Dewey Decimal Classification
Koha item type Text Books
Holdings
Withdrawn status Lost status Source of classification or shelving scheme Damaged status Not for loan Collection code Home library Current library Date acquired Source of acquisition Cost, normal purchase price Bill Number Total Checkouts Full call number Acc. no. / Barcode Date last seen Bill Date Koha item type Date last borrowed
    Dewey Decimal Classification     Applied Sc. PIET C-LIBRARY PIET C-LIBRARY 25/08/2006 M/S Prem Book 95.00 1387   530 SIE 4068 04/12/2019 23/08/2005 Text Books  
    Dewey Decimal Classification     Applied Sc. PIET C-LIBRARY PIET C-LIBRARY 25/08/2006 M/S Prem Book 95.00 1387 2 530 SIE 4069 08/11/2024 23/08/2005 Text Books 25/10/2024
    Dewey Decimal Classification     Applied Sc. PIET C-LIBRARY PIET C-LIBRARY 25/08/2006 M/S Prem Book 95.00 1387   530 SIE 4070 04/12/2019 23/08/2005 Text Books  

Design & Developed by: PIET Central Library
R70 Miles Stone Pattikalyana Samalkha Panipat 132102
mail ID :- [email protected], Phone No:- 0180-2569700 Ex.216